000
00303nam a2200133Ia 4500
005
20251222142027.0
008
251222s9999||||xx |||||||||||||| ||spa||
020
_a
84-96118-16-9
082
_a
895.6/O36
100
_a
Oé, Kenzaburo
245
0
_a
El grito Silencioso
264
_b
Sol 90
942
_c
LIB
999
_c
10838
_d
10838